Industrial Psychology/ (Record no. 194910)

MARC details
000 -LEADER
fixed length control field 00580nam a22001817a 4500
005 - DATE AND TIME OF LATEST TRANSACTION
control field 20230130111913.0
010 ## - LCCN (DPL NO)
LC control number ENG-136067
020 ## - INTERNATIONAL STANDARD BOOK NUMBER
International Standard Book Number 9789386761309
Terms of availability 1495.00
035 ## - SYSTEM CONTROL NUMBER
System control number EN-119599
037 ## - SOURCE OF ACQUISITION
Source of stock number/acquisition DBAD/PUB
082 00 - DEWEY DECIMAL CLASSIFICATION NUMBER
Classification number 158.7
100 ## - MAIN ENTRY--PERSONAL NAME
Personal name Akhtar, Firoz
245 ## - TITLE STATEMENT
Title Industrial Psychology/
Statement of responsibility, etc by Firoz Akhtar
260 ## - PUBLICATION, DISTRIBUTION, ETC. (IMPRINT)
Place of publication, distribution, etc New Delhi
Name of publisher, distributor, etc Ane Books Pvt. Ltd
Date of publication, distribution, etc 2018
270 ## - ADDRESS
Address 4821, Parwana Bhawan, 1st Floor, 24 Ansari Road, Darya Ganj
City New Delhi
Postal code 110002
Electronic mail address kapoor@anebooks.com
300 ## - PHYSICAL DESCRIPTION
Extent vi, 263p.
Other physical details Index
Dimensions 24cm(hbk)
942 ## - ADDED ENTRY ELEMENTS (KOHA)
Source of classification or shelving scheme Dewey Decimal Classification
Item type English Books
Call number suffix AKH
Classification part 158.7
Holdings
Withdrawn status Lost status Not for loan Collection code Home library Current library Date acquired Source of acquisition Cost, normal purchase price Full call number Barcode Copy number Cost, replacement price Koha item type
      Non-fiction Central Jail Tihar Central Jail Tihar 30/01/2023 DBAD/PUB 1495.00 158.7 AKH EN-119599 1 1495.00 English Books

© Delhi Public Library
Hit Counter
free hit counter